MARC

Tag First Indicator Second Indicator Subfields
LEADER 00000cam a2200000 4500
001 in00000029601
005 20151007062845.0
008 760323s1966 pauh b 00010 eng
010 |a  65024538  
035 |a (OCoLC)02062310 
035 |9 AAD5954AM 
040 |a DLC  |c BUF  |d TXA  |d UtOrBLW 
049 |a TXAM  |c [467020] 
050 0 0 |a PR2714  |b .C5 1966 
082 0 |a 822.3 
092 |a 822  |b M629c, 1966 
100 1 |a Middleton, Thomas,  |d -1627. 
245 1 4 |a The changeling /  |c by Thomas Middleton and William Rowley. Edited by Matthew W. Black. 
264 1 |a Philadelphia :  |b University of Pennsylvania Press,  |c [1966] 
300 |a 143 pages :  |b facsimiles ;  |c 21 cm. 
336 |a text  |b txt  |2 rdacontent 
337 |a unmediated  |b n  |2 rdamedia 
338 |a volume  |b nc  |2 rdacarrier 
490 0 |a The Mathew Carey library of English and American literature, 3 
504 |a Bibliographical footnotes. 
700 1 |a Rowley, William,  |d 1585?-1642? 
700 1 |a Black, Matthew W.  |q (Matthew Wilson),  |d 1895-1978. 
999 |a MARS 
999 f f |s 3d9369f0-ea0c-342d-9087-93aa08bb2048  |i 07246692-e12e-32e9-9f35-2ef2c488537c  |t 0 
952 f f |p ric  |a Texas A&M University  |b Rellis Campus  |c Joint Library Facility  |d Remote Storage  |t 0  |e PR2714 .C5 1966  |h Library of Congress classification  |i unmediated -- volume  |m A14801298687 
998 f f |a PR2714 .C5 1966  |t 0  |l Remote Storage